Exakta DPZ 38AF

Bibliographic Details
Main Author: Letkovský, Alexander (Author)
Format: Article
Language:Slovak
PhysicalDescription:Obr., tab.
ISSN:1336-5754
Subjects:

MARC

LEADER 00000nab a2200000 ar4500
001 vtls009007448
003 SK-MaSNL
005 20260303065443.0
008 070716c2007 xo |||||||||||000 b|slo
015 |a SNBRB2007/07  |2 snkbucl 
038 |a SNKBUCL 
040 |a SNKBUCL  |b slo  |c SNKBUCL  |e AACR2 
041 0 |a slo 
044 |a xo  |c SK 
080 |a 771.448.6:771.31:004.085  |2 2001 
080 |a 771.31:004.085  |2 2001 
100 1 |a Letkovský, Alexander  |4 aut  |9 1048658 
245 1 0 |a Exakta DPZ 38AF  |c Alexander Letkovský 
300 |b Obr., tab. 
650 0 7 |a Exakta DPZ 38AF (blesk)  |2 snkbucl  |9 1065525 
650 0 7 |a externé fotografické blesky  |2 snkbucl  |9 1065526 
773 0 |t DiGi revue  |g Roč. 3, č. 7-8 (2007), s. 30  |x 1336-5754 
852 |a SNK  |b KIS3GCP 
999 |c 1751253  |d 1753183